| 000 | 00898cam a22002897a 4500 | ||
|---|---|---|---|
| 003 | CHAP | ||
| 005 | 20220329134641.0 | ||
| 008 | 971013s1970 mx r 00010 spa d | ||
| 010 | _a23619 | ||
| 011 | _a24591 | ||
| 035 | _a28690 | ||
| 040 | _cCHAP | ||
| 082 | 0 | 4 |
_a628.1 _bC63 |
| 110 | 2 |
_aComisión Hidrológica de la Cuenca del Valle de México _925733 |
|
| 245 | 1 | 4 | _aLos acuíferos del alto Lerma |
| 260 |
_aMéxico, D. F. : _b[s. e.], _c1970 |
||
| 300 |
_a61 h. : _bmapas |
||
| 590 |
_aBATCH-UPD _b10 _c20130110 _lUCH01 _h1124 |
||
| 590 |
_aBATCH-UPD _b10 _c20130410 _lUCH01 _h0713 |
||
| 590 |
_aCONVERSION _b10 _c20130109 _lUCH01 _h1314 |
||
| 650 | 1 | 4 |
_aAgua subterranea _zMexico (Edo.). _92488 |
| 650 | 1 | 4 |
_aAgua _xAbastecimiento _xMexico (D.F.) _92251 |
| 650 | 1 | 4 |
_aPozos. _991207 |
| 901 | _aBK | ||
| 942 | _cLIBRO | ||
| 949 |
_a628.1 C63 _bBC _cLIBRO _d33724000023495 _eLIBRO _h38290 _i28690 _mD _si |
||
| 999 |
_c23619 _d23619 |
||